A survey of the Old and New Testaments: (Record no. 3773)

000 -LEADER
fixed length control field 00626nam a2200181 a 4500
001 - CONTROL NUMBER
control field :::00001508$&:&@@
003 - CONTROL NUMBER IDENTIFIER
control field OkBaRHE
005 - DATE AND TIME OF LATEST TRANSACTION
control field 20000607103244.0
008 - FIXED-LENGTH DATA ELEMENTS--GENERAL INFORMATION
fixed length control field s1957 j 000 0 eng u
040 ## - CATALOGING SOURCE
Transcribing agency
100 1# - MAIN ENTRY--PERSONAL NAME
Personal name Jones, Russell Bradley, 1894-
245 12 - TITLE STATEMENT
Title A survey of the Old and New Testaments:
Remainder of title the Bible story of redeeming love.
260 ## - PUBLICATION, DISTRIBUTION, ETC. (IMPRINT)
Place of publication, distribution, etc Grand Rapids, MI., :
Name of publisher, distributor, etc Baker Book House
Date of publication, distribution, etc c1957
300 ## - PHYSICAL DESCRIPTION
Extent 372 p. : illus. ;
Dimensions 23 cm.
650 ## - SUBJECT ADDED ENTRY--TOPICAL TERM
Topical term or geographic name as entry element Bible
General subdivision Study
-- Outlines, Syllabi, etc.
942 ## - ADDED ENTRY ELEMENTS (KOHA)
Source of classification or shelving scheme
Koha item type Books
Copies
Copy number Price effective from Shelving location Koha item type Not for loan Lost status Barcode Date acquired Full call number Source of classification or shelving scheme Date last seen Permanent Location Withdrawn status Damaged status
12010-04-14General StacksBooks  15082010-04-14BS 591 .J64 2018-03-12RHEMA Bible Training College